Town of Salem 2 - Statistics

General Stats
  • This quiz has been taken 25 times
  • The average score is 7 of 9
Answer Stats
Hint Answer % Correct
How many factions are there? 3
100%
How many people are there in a N1 Psychics vison? 3
100%
How many allingments are there? 11
94%
How many are town? 5
94%
Jailor is a town role, which allingment is it part of Town Power
78%
Number of Roles in Tos2 50
72%
Which allingment has the most? Town Investigative
72%
Which role is considered the easiest? Jester
44%
Which role is considered to be the hardest? Doomsayer
33%
No matching quizzes found
Score Distribution
Percent of People with Each Score
Percentile by Number Answered
Your Score History
You have not taken this quiz